<?xml version="1.0" encoding="UTF-8"?>
<marc:record xmlns:marc="http://www.loc.gov/MARC21/slim">
   <marc:leader>00000nam a2200000 a 4500</marc:leader>
   <marc:datafield ind1="1" ind2=" " tag="100">
      <marc:subfield code="a">Strunk, Heinz</marc:subfield>
      <marc:subfield code="4">aut</marc:subfield>
      <marc:subfield code="e">Verfasser/-in</marc:subfield>
   </marc:datafield>
   <marc:datafield ind1=" " ind2=" " tag="653">
      <marc:subfield code="a">Drama</marc:subfield>
   </marc:datafield>
   <marc:datafield ind1=" " ind2=" " tag="653">
      <marc:subfield code="a">Liebe</marc:subfield>
   </marc:datafield>
   <marc:datafield ind1=" " ind2=" " tag="653">
      <marc:subfield code="a">Beziehung</marc:subfield>
   </marc:datafield>
   <marc:datafield ind1=" " ind2=" " tag="653">
      <marc:subfield code="a">Liebesbeziehung</marc:subfield>
   </marc:datafield>
   <marc:datafield ind1=" " ind2=" " tag="653">
      <marc:subfield code="a">Autor &lt;Deutschland&gt;</marc:subfield>
   </marc:datafield>
   <marc:datafield ind1="0" ind2="0" tag="245">
      <marc:subfield code="a">Es ist immer so schön mit dir</marc:subfield>
   </marc:datafield>
   <marc:datafield ind1="0" ind2="0" tag="245">
      <marc:subfield code="b">Roman</marc:subfield>
   </marc:datafield>
   <marc:datafield ind1=" " ind2="1" tag="264">
      <marc:subfield code="b">Rowohlt Verlag</marc:subfield>
      <marc:subfield code="c">2021</marc:subfield>
   </marc:datafield>
   <marc:datafield ind1="1" ind2=" " tag="520">
      <marc:subfield code="a">Er war mal Musiker. Jetzt ist er Mitte vierzig und im Großen und Ganzen nicht unzufrieden. Seine Freundin hat ein geregeltes Einkommen, und das Ein-Mann-Tonstudio wirft auch ein bisschen was ab. Die Träume von der künstlerischen Karriere sind längst begraben. Sie schmerzen nicht mehr.
Da lernt er Vanessa kennen, Schauspielerin, jung, strahlend schön. Zuerst versteht er gar nicht, warum sie sich fu¨r ihn interessiert. Er verliebt sich in sie. Er verlässt seine Freundin. Ist er jetzt mit Vanessa zusammen?

Es wird immer größer: das Glück und das Chaos. Sie ist beides fu¨r ihn. Und er kommt nicht los von dieser Frau und ihren Abgründen. Liegt das am Ende gar nicht an Vanessa, sondern an ihm selbst?</marc:subfield>
   </marc:datafield>
   <marc:datafield ind1=" " ind2=" " tag="020">
      <marc:subfield code="a">9783498001988</marc:subfield>
      <marc:subfield code="9">9783498001988</marc:subfield>
   </marc:datafield>
</marc:record>
